Introduction to marketing management : (Record no. 35719)
[ view plain ]
| 000 -CABECERA | |
|---|---|
| campo de control de longitud fija | 00671nam a2200193 a 4500 |
| 001 - NÚMERO DE CONTROL | |
| campo de control | 000036228 |
| 005 - FECHA Y HORA DE LA ÚLTIMA TRANSACCIÓN | |
| campo de control | 20250527113226.0 |
| 008 - DATOS DE LONGITUD FIJA--INFORMACIÓN GENERAL | |
| campo de control de longitud fija | 120111s1981 xxua 000 0 eng d |
| 040 ## - FUENTE DE LA CATALOGACIÓN | |
| Centro catalogador/agencia de origen | DO-SdBNP |
| Lengua de catalogación | spa |
| Centro/agencia transcriptor | BNPHU |
| 100 1# - ENTRADA PRINCIPAL--NOMBRE DE PERSONA | |
| Nombre de persona | Rewoldt, Stewart H. |
| 9 (RLIN) | 62301 |
| 245 10 - MENCIÓN DE TÍTULO | |
| Título | Introduction to marketing management : |
| Resto del título | text and cases / |
| Mención de responsabilidad, etc. | Stewart H. Rewoldt, James D. Scott, Martin R. Warshaw. |
| 250 ## - MENCIÓN DE EDICIÓN | |
| Mención de edición | 4th ed. |
| 260 ## - PUBLICACIÓN, DISTRIBUCIÓN, ETC. | |
| Lugar de publicación, distribución, etc. | Illinois : |
| Nombre del editor, distribuidor, etc. | Richard D. Irwin, |
| Fecha de publicación, distribución, etc. | 1981. |
| 300 ## - DESCRIPCIÓN FÍSICA | |
| Extensión | xvi, 874 p. : |
| Otras características físicas | il. ; |
| Dimensiones | 24 cm. |
| 650 20 - PUNTO DE ACCESO ADICIONAL DE MATERIA--TÉRMINO DE MATERIA | |
| Término de materia o nombre geográfico como elemento de entrada | Administración industrial |
| 9 (RLIN) | 5872 |
| 650 24 - PUNTO DE ACCESO ADICIONAL DE MATERIA--TÉRMINO DE MATERIA | |
| Término de materia o nombre geográfico como elemento de entrada | Gestión en administración |
| 9 (RLIN) | 62302 |
| 700 1# - PUNTO DE ACCESO ADICIONAL--NOMBRE DE PERSONA | |
| Nombre de persona | Scott, James D. |
| 9 (RLIN) | 62303 |
| 700 1# - PUNTO DE ACCESO ADICIONAL--NOMBRE DE PERSONA | |
| Nombre de persona | Warshaw, Martin R. |
| 9 (RLIN) | 62304 |
| Estado de retiro | Estado de pérdida | Restricciones de uso | No para préstamo | Código de colección | Localización permanente | Ubicación/localización actual | Ubicación en estantería | Fecha de adquisición | Número de inventario | Total de préstamos | Signatura topográfica completa | Código de barras | Fecha visto por última vez | Precio válido a partir de | Tipo de ítem Koha |
|---|---|---|---|---|---|---|---|---|---|---|---|---|---|---|---|
| Excluido de préstamo | Monografías: Libros y Folletos | General | General | En catalogación | 11.01.2012 | LF1 | 36228-10 | 25.06.2020 | 25.06.2020 | No se presta |
